<?xml version="1.0" encoding="UTF-8"?>
<collection xmlns="http://www.loc.gov/MARC21/slim">
 <record>
  <leader>01720nam a2200361   4500</leader>
  <controlfield tag="001">DLU180187762</controlfield>
  <controlfield tag="005">##20181010</controlfield>
  <datafield tag="020" ind1="#" ind2="#">
   <subfield code="a">9786048031893</subfield>
  </datafield>
  <datafield tag="040" ind1="#" ind2="#">
   <subfield code="a">DLU</subfield>
   <subfield code="b">vie</subfield>
  </datafield>
  <datafield tag="041" ind1="#" ind2="#">
   <subfield code="a">vie</subfield>
  </datafield>
  <datafield tag="044" ind1="#" ind2="#">
   <subfield code="a">vn</subfield>
  </datafield>
  <datafield tag="082" ind1="#" ind2="#">
   <subfield code="a">378.597</subfield>
   <subfield code="b">LE-C</subfield>
  </datafield>
  <datafield tag="100" ind1="#" ind2="#">
   <subfield code="a">Lê Công Cơ,</subfield>
   <subfield code="c">AHLĐ. NGƯT.</subfield>
  </datafield>
  <datafield tag="245" ind1="#" ind2="#">
   <subfield code="a">Mô hình gắn kết giữa trường đại học với doanh nghiệp trong đào tạo đại học tại khu vực miền Trung - Việt Nam /</subfield>
   <subfield code="c">Lê Công Cơ, Lê Đức Toàn, Nguyễn Thị Hạnh.</subfield>
  </datafield>
  <datafield tag="260" ind1="#" ind2="#">
   <subfield code="a">H. :</subfield>
   <subfield code="b">Thông tin và truyền thông,</subfield>
   <subfield code="c">2018.</subfield>
  </datafield>
  <datafield tag="300" ind1="#" ind2="#">
   <subfield code="a">253 tr. :</subfield>
   <subfield code="b">minh họa ;</subfield>
   <subfield code="c">24 cm.</subfield>
  </datafield>
  <datafield tag="504" ind1="#" ind2="#">
   <subfield code="a">Tài liệu tham khảo: tr. 236-247.</subfield>
  </datafield>
  <datafield tag="505" ind1="#" ind2="#">
   <subfield code="a">Chương 1. Cơ sở lý luận về gắn kết giữa trường ĐH với DN trong đào tạo ĐH -- Chương 2. Một sốmô hình, kinh nghiệm trong và ngoài nước về gắn kết giữa các trường ĐH với DN trong đào tạo ĐH -- Chương 3. Thực trạng về gắn kết giữa các trường ĐH với DN trong đào tạo ĐH tại khu vực miền Trung Việt Nam -- Chương 4. Đề xuất mô hình và giải pháp gắn kết giữa các trường ĐH với DN trong đào tạo ĐH tại khu vực miền Trung Việt Nam.</subfield>
  </datafield>
  <datafield tag="650" ind1="#" ind2="#">
   <subfield code="a">Hợp tác học thuật - công nghiệp</subfield>
   <subfield code="z">Việt Nam.</subfield>
  </datafield>
  <datafield tag="650" ind1="#" ind2="#">
   <subfield code="a">Trường Đại học và Cao đẳng</subfield>
   <subfield code="x">Khía cạnh xã hội.</subfield>
  </datafield>
  <datafield tag="700" ind1="#" ind2="#">
   <subfield code="a">Lê Đức Toàn,</subfield>
   <subfield code="c">PGS.TS.</subfield>
  </datafield>
  <datafield tag="700" ind1="#" ind2="#">
   <subfield code="a">Nguyễn Thị Hạnh,</subfield>
   <subfield code="c">ThS.</subfield>
  </datafield>
  <datafield tag="923" ind1="#" ind2="#">
   <subfield code="a">03/2018</subfield>
  </datafield>
  <datafield tag="991" ind1="#" ind2="#">
   <subfield code="a">SH</subfield>
  </datafield>
  <datafield tag="992" ind1="#" ind2="#">
   <subfield code="a">200000</subfield>
  </datafield>
  <datafield tag="994" ind1="#" ind2="#">
   <subfield code="a">DLU</subfield>
  </datafield>
  <datafield tag="900" ind1="#" ind2="#">
   <subfield code="a">True</subfield>
  </datafield>
  <datafield tag="911" ind1="#" ind2="#">
   <subfield code="a">Nguyễn Thanh Hương</subfield>
  </datafield>
  <datafield tag="925" ind1="#" ind2="#">
   <subfield code="a">G</subfield>
  </datafield>
  <datafield tag="926" ind1="#" ind2="#">
   <subfield code="a">A</subfield>
  </datafield>
  <datafield tag="927" ind1="#" ind2="#">
   <subfield code="a">SH</subfield>
  </datafield>
  <datafield tag="980" ind1="#" ind2="#">
   <subfield code="a">Thư viện Trường Đại học Đà Lạt</subfield>
  </datafield>
 </record>
</collection>
